Co-determination in the Federal Republic of Germany

Gespeichert in:
Bibliographische Detailangaben
Format: Buch
Sprache:Englisch
Veröffentlicht: Bonn Federal Minister of Labour and Social Affairs 1991
Ausgabe:1. ed.
Schlagworte:
Tags: Tag hinzufügen
Keine Tags, Fügen Sie das erste Tag hinzu!

MARC

LEADER 00000nam a2200000 4500
001 c005206
005 20221214102023.3
041 0 |a eng 
044 |a DE 
245 1 0 |a Co-determination in the Federal Republic of Germany 
250 |a 1. ed. 
264 1 |a Bonn  |b Federal Minister of Labour and Social Affairs  |c 1991 
300 |a 239 s. 
610 2 0 |a spolurozhodovanie 
610 2 0 |a Nemecko 
610 2 0 |a založenie podniku